[Event "ESP-ch U16 rapid"]
[Site "Salobrena"]
[Date "2023.07.30"]
[Round "7"]
[White "Portero Rubio, Martin"]
[Black "Salvador Buiza, Victor"]
[Result "0-1"]
[WhiteElo "1953"]
[BlackElo "1951"]
[PlyCount "104"]
[EventDate "2023.07.29"]
[EventType "swiss (rapid)"]
[EventRounds "9"]
[EventCountry "ESP"]
[SourceTitle "EXT 2024"]
[Source "ChessBase"]
[SourceDate "2023.10.10"]
[SourceVersion "1"]
[SourceVersionDate "2023.10.10"]
[SourceQuality "1"]

1. e4 c5 2. Nf3 Nc6 3. d4 cxd4 4. Nxd4 e5 5. Nb3 Nf6 6. Bg5 Be7 7. Bxf6 Bxf6 8. Nc3 0-0 9. Nd5 d6 10. Bc4 g6 11. 0-0 Bg7 12. c3 Kh8 13. Qe2 f5 14. Rad1 Qh4 15. Nd2 Bh6 16. exf5 Bxf5 17. Nf3 Qh5 18. Nd2 Qh4 19. Nf3 Qd8 20. h3 Qd7 21. Ne3 Rad8 22. Nxf5 Qxf5 23. Bd3 Qf6 24. Be4 Rf7 25. Rd3 Rfd7 26. Rfd1 Ne7 27. c4 Bg7 28. Nh2 Qe6 29. b3 Nc6 30. Nf3 Nb4 31. R3d2 Bh6 32. Rb2 d5 33. cxd5 Nxd5 34. Qc4 Nf4 35. Rxd7 Rxd7 36. Qxe6 Nxe6 37. Rc2 Kg7 38. Nxe5 Rd1+ 39. Kh2 Bf4+ 40. g3 Bxe5 41. Bxb7 Nd4 42. Rc5 Bf6 43. Rc7+ Kh6 44. Be4 Rd2 45. Kg2 Rxa2 46. Bd5 Nf5 47. Bg8 Bg7 48. g4 Nh4+ 49. Kg3 Be5+ 50. f4 Bxc7 51. b4 Rg2+ 52. Kxh4 Bxf4 0-1

[Event "ESP-ch U16"]
[Site "Salobrena"]
[Date "2022.07.25"]
[Round "2"]
[White "Portero Rubio, Martin"]
[Black "Garcia Fernandez, Victor"]
[Result "1/2-1/2"]
[WhiteElo "1876"]
[BlackElo "2158"]
[PlyCount "134"]
[EventDate "2022.07.25"]
[EventType "swiss"]
[EventRounds "9"]
[EventCountry "ESP"]
[SourceTitle "EXT 2023"]
[Source "ChessBase"]
[SourceDate "2022.10.05"]
[SourceVersion "1"]
[SourceVersionDate "2022.10.05"]
[SourceQuality "1"]

1. e4 c5 2. Nf3 Nc6 3. Bb5 g6 4. 0-0 Bg7 5. c3 e5 6. d4 cxd4 7. cxd4 exd4 8. Bf4 a6 9. Ba4 Nge7 10. Bd6 b5 11. Bb3 Bb7 12. a4 Nc8 13. Bc5 d6 14. Bxd4 Nxd4 15. Nxd4 Qf6 16. Ne2 0-0 17. axb5 axb5 18. Nbc3 b4 19. Nd5 Bxd5 20. Bxd5 Rxa1 21. Qxa1 Nb6 22. Bb3 Re8 23. Qa7 d5 24. Ng3 Qxb2 25. Qxb6 Qxb3 26. exd5 Bc3 27. d6 Qd5 28. Qc7 Bf6 29. d7 Rd8 30. Rb1 Be7 31. Rxb4 Qd1+ 32. Nf1 Rxd7 33. Rb8+ Kg7 34. Qc8 Bd8 35. Qc3+ Bf6 36. Qb3 Bd4 37. Qxd1 Bxf2+ 38. Kxf2 Rxd1 39. Rb7 h5 40. Ne3 Ra1 41. Kf3 Ra4 42. Re7 Rd4 43. Ra7 Kf6 44. Ra6+ Kg5 45. Ra5+ f5 46. Ra6 Rf4+ 47. Ke2 Re4 48. Kf2 Rd4 49. g3 h4 50. gxh4+ Rxh4 51. Kg2 Rd4 52. Ra2 Kf4 53. Nf1 Kg4 54. Rd2 Re4 55. Ng3 Ra4 56. Ne2 Ra3 57. Rd4+ Kg5 58. h4+ Kh5 59. Ng3+ Kh6 60. Rd6 Ra2+ 61. Kh3 Ra3 62. Kg2 Ra2+ 63. Kf3 Ra3+ 64. Kf4 Kg7 65. Nxf5+ gxf5 66. Kxf5 Ra5+ 67. Kg4 Ra4+ 1/2-1/2

[Event "Madrid-ch Previa-B"]
[Site "Madrid"]
[Date "2022.03.19"]
[Round "7"]
[White "Santamaria Baeza, Adolfo"]
[Black "Portero Rubio, Martin"]
[Result "1-0"]
[WhiteElo "1875"]
[BlackElo "1846"]
[PlyCount "127"]
[EventDate "2022.03.03"]
[EventType "swiss"]
[EventRounds "9"]
[EventCountry "ESP"]
[SourceTitle "EXT 2023"]
[Source "ChessBase"]
[SourceDate "2022.10.05"]
[SourceVersion "1"]
[SourceVersionDate "2022.10.05"]
[SourceQuality "1"]

1. e4 c5 2. Nf3 e6 3. d4 cxd4 4. Nxd4 a6 5. Nc3 b5 6. Be3 Bb7 7. Bd3 Qc7 8. 0-0 Nf6 9. a3 d6 10. Re1 Be7 11. Qf3 0-0 12. Qg3 Kh8 13. Qh3 Nbd7 14. Nf3 Ne5 15. Nxe5 dxe5 16. Bg5 Rfd8 17. Re3 Ng8 18. Rg3 Rac8 19. Qh4 Bxg5 20. Qxg5 f6 21. Qg4 Qf7 22. h4 Nh6 23. Qh3 Rd4 24. Rf1 Rxc3 25. bxc3 Ra4 26. Ra1 Bxe4 27. Bxe4 Rxe4 28. Rd3 f5 29. Rd8+ Ng8 30. Rad1 Qh5 31. g3 h6 32. Qg2 Kh7 33. f3 Rc4 34. R1d3 Nf6 35. R8d6 e4 36. fxe4 Rxe4 37. Qf3 Qg6 38. Re3 Rxh4 39. Rexe6 Rg4 40. Rxf6 gxf6 41. Qb7+ Qg7 42. Rd7 Rxg3+ 43. Kf2 Rg2+ 44. Ke1 Rg1+ 45. Kd2 Rg2+ 46. Kc1 Rg1+ 47. Kb2 h5 48. Rxg7+ Rxg7 49. Qf3 Rg5 50. a4 h4 51. axb5 axb5 52. Qb7+ Kh6 53. Qxb5 h3 54. Qf1 h2 55. c4 Rh5 56. Qh1 Kg7 57. Kc3 f4 58. Kd2 f5 59. Ke2 Kf6 60. Kf2 Ke5 61. c5 Ke6 62. c6 Kd6 63. Qd1+ Kc7 64. Qxh5 1-0

[Event "Alcorcon Diagonal op 1st"]
[Site "Alcorcon"]
[Date "2022.02.26"]
[Round "7"]
[White "Portero Rubio, Martin"]
[Black "Campos Rodriguez, Alvaro"]
[Result "1-0"]
[WhiteElo "1750"]
[BlackElo "1815"]
[PlyCount "53"]
[EventDate "2022.01.15"]
[EventType "swiss"]
[EventRounds "7"]
[EventCountry "ESP"]
[SourceTitle "EXT 2023"]
[Source "ChessBase"]
[SourceDate "2022.10.05"]
[SourceVersion "1"]
[SourceVersionDate "2022.10.05"]
[SourceQuality "1"]

1. e4 e6 2. Qe2 c5 3. Nf3 Nc6 4. g3 Be7 5. Bg2 d5 6. d3 Nf6 7. 0-0 0-0 8. e5 Nd7 9. c4 f6 10. exf6 Nxf6 11. Nc3 d4 12. Ne4 e5 13. Nfg5 h6 14. Nxf6+ Bxf6 15. Bd5+ Kh8 16. Nf7+ Rxf7 17. Bxf7 Ne7 18. Qh5 Qf8 19. f4 g6 20. Bxg6 Qg7 21. f5 Ng8 22. g4 e4 23. dxe4 d3 24. g5 Bd4+ 25. Kh1 Qe5 26. f6 Be6 27. Bf4 1-0

[Event "Alcorcon Diagonal op 1st"]
[Site "Alcorcon"]
[Date "2022.01.22"]
[Round "2"]
[White "Horcajuelo Rocamora, Martin"]
[Black "Portero Rubio, Martin"]
[Result "1-0"]
[WhiteElo "2136"]
[BlackElo "1750"]
[PlyCount "89"]
[EventDate "2022.01.15"]
[EventType "swiss"]
[EventRounds "7"]
[EventCountry "ESP"]
[SourceTitle "EXT 2023"]
[Source "ChessBase"]
[SourceDate "2022.10.05"]
[SourceVersion "1"]
[SourceVersionDate "2022.10.05"]
[SourceQuality "1"]

1. d4 d5 2. c4 e6 3. Nc3 c5 4. cxd5 exd5 5. Nf3 Nc6 6. g3 Nf6 7. Bg2 cxd4 8. Nxd4 Bc5 9. Nb3 Bb6 10. Nxd5 Be6 11. Nxb6 Qxd1+ 12. Kxd1 axb6 13. Nd2 Ng4 14. Bxc6+ bxc6 15. Ke1 0-0 16. b3 Rfe8 17. Bb2 Bd5 18. f3 Ne3 19. Kf2 Re6 20. Bd4 Nc2 21. Bxb6 Nxa1 22. Rxa1 f5 23. a4 Ra6 24. a5 g5 25. b4 f4 26. gxf4 gxf4 27. Bc7 Rf6 28. Rg1+ Rg6 29. Rc1 Rf6 30. Nb1 Ra7 31. Bb6 Re7 32. Bd8 Rfe6 33. Bxe7 Rxe7 34. Nc3 Bc4 35. Ne4 Bb5 36. Rg1+ Kf8 37. Rg4 Re5 38. Rxf4+ Kg7 39. Nc3 Ba6 40. Re4 Rh5 41. Re6 Rxh2+ 42. Kg3 Rh6 43. Rxh6 Kxh6 44. Ne4 Bxe2 45. Nc5 1-0

[Event "ESP-ch U14"]
[Site "Salobrena"]
[Date "2020.08.07"]
[Round "7"]
[White "Rodriguez Avila, Alvaro"]
[Black "Portero Rubio, Martin"]
[Result "1-0"]
[WhiteElo "1868"]
[BlackElo "1501"]
[PlyCount "159"]
[EventDate "2020.08.03"]
[EventType "swiss"]
[EventRounds "9"]
[EventCountry "ESP"]
[SourceTitle "EXT 2021"]
[Source "ChessBase"]
[SourceDate "2020.10.23"]
[SourceVersion "1"]
[SourceVersionDate "2020.10.23"]
[SourceQuality "1"]

1. e4 e6 2. d4 d5 3. Nc3 Nf6 4. Bg5 Be7 5. e5 Nfd7 6. Bxe7 Qxe7 7. Qg4 0-0 8. Bd3 h6 9. Nf3 c5 10. dxc5 Nc6 11. Qg3 Nxc5 12. 0-0 Nxd3 13. cxd3 b6 14. Rac1 Bd7 15. Ne2 Kh8 16. Nf4 Rg8 17. Nh5 Nb4 18. Rc3 Nxa2 19. Ra3 Nb4 20. Qf4 Bb5 21. Nf6 Rgc8 22. Rd1 Qf8 23. Nh5 Rc7 24. Nd4 Nxd3 25. Raxd3 Bxd3 26. Rxd3 Qb4 27. h4 Qxb2 28. Kh2 Qc1 29. Qg3 Rg8 30. Nb5 Rd7 31. Rc3 Qb2 32. Rc8 f6 33. Rxg8+ Kxg8 34. Nxf6+ Kf7 35. Nxd7 Qxb5 36. Qf4+ Ke7 37. Nf8 Qe8 38. Qb4+ Kf7 39. Nh7 Kg8 40. Nf6+ gxf6 41. Qg4+ Kh7 42. exf6 Qf7 43. Qf3 a5 44. h5 e5 45. Qf5+ Kh8 46. Qxe5 a4 47. g4 a3 48. Qe7 Kg8 49. Qxa3 Qxf6 50. Qa8+ Kg7 51. Qb7+ Kh8 52. Qc8+ Kg7 53. Qc7+ Kh8 54. Kg3 d4 55. f4 Kg8 56. Qd7 Kf8 57. Kf3 Qh4 58. Ke4 Qf6 59. Qc8+ Ke7 60. Qc7+ Kf8 61. Qb8+ Kg7 62. Qb7+ Kf8 63. Qd5 Qh4 64. Kf5 Qf2 65. Qd6+ Kg7 66. Qe7+ Kg8 67. Qe8+ Kg7 68. Qg6+ Kf8 69. Qxh6+ Ke8 70. Qe6+ Kf8 71. h6 Qh4 72. Qf6+ Qxf6+ 73. Kxf6 Kg8 74. g5 d3 75. g6 d2 76. h7+ Kh8 77. Kf7 d1Q 78. g7+ Kxh7 79. g8Q+ Kh6 80. Qg6# 1-0

[Event "Madrid-ch U12"]
[Site "Madrid"]
[Date "2019.04.06"]
[Round "5"]
[White "Portero Rubio, Martin"]
[Black "Centeno Mendoza, Julio Stefano"]
[Result "0-1"]
[WhiteElo "1303"]
[BlackElo "1767"]
[PlyCount "102"]
[EventDate "2019.03.30"]
[EventType "swiss"]
[EventRounds "6"]
[EventCountry "ESP"]
[SourceTitle "EXT 2021"]
[Source "ChessBase"]
[SourceDate "2020.10.23"]
[SourceVersion "1"]
[SourceVersionDate "2020.10.23"]
[SourceQuality "1"]

1. e4 e5 2. Nf3 Nc6 3. Bc4 Bc5 4. 0-0 Nf6 5. d4 Bxd4 6. Nxd4 Nxd4 7. Bg5 0-0 8. f4 d6 9. Na3 h6 10. Bh4 Be6 11. Qd3 Bxc4 12. Nxc4 Qe7 13. c3 Nc6 14. Rae1 Qe6 15. h3 Nd7 16. f5 Qe8 17. Qg3 Kh7 18. f6 g6 19. Ne3 Rg8 20. Qg4 Nf8 21. Nd5 Rc8 22. Ne7 Nxe7 23. fxe7 Ne6 24. Bf6 Nf4 25. Re3 g5 26. Qf5+ Rg6 27. g4 Rb8 28. h4 gxh4 29. Bxh4 Kg8 30. Bf6 Qc8 31. Qxc8+ Rxc8 32. Bh4 Rxg4+ 33. Bg3 Re8 34. Kh2 Rxe7 35. Ref3 Nh5 36. Kh3 Rxg3+ 37. Rxg3+ Nxg3 38. Kxg3 Re6 39. Rh1 Kg7 40. Rh3 Rf6 41. Rh1 Rf4 42. Re1 Kg6 43. Re2 h5 44. Kh3 f5 45. Rg2+ Rg4 46. exf5+ Kxf5 47. Rf2+ Rf4 48. Re2 e4 49. b4 Rf3+ 50. Kh4 Rxc3 51. Kxh5 Rh3# 0-1

[Event "Madrid-ch U12"]
[Site "Madrid"]
[Date "2019.03.31"]
[Round "4"]
[White "Lozano Hernanz, Rodrigo"]
[Black "Portero Rubio, Martin"]
[Result "0-1"]
[WhiteElo "1338"]
[BlackElo "1303"]
[PlyCount "114"]
[EventDate "2019.03.30"]
[EventType "swiss"]
[EventRounds "6"]
[EventCountry "ESP"]
[SourceTitle "EXT 2021"]
[Source "ChessBase"]
[SourceDate "2020.10.23"]
[SourceVersion "1"]
[SourceVersionDate "2020.10.23"]
[SourceQuality "1"]

1. e4 e6 2. d4 d5 3. exd5 exd5 4. Nc3 Nf6 5. Nf3 Bb4 6. Bd3 0-0 7. 0-0 Nc6 8. Bg5 Be6 9. Ne2 Bg4 10. c3 Bd6 11. Nf4 Be7 12. Qc2 h6 13. Bxf6 Bxf6 14. h3 Bxf3 15. gxf3 Bg5 16. Ng2 Qf6 17. Be2 Rfe8 18. f4 Bxf4 19. Nxf4 Qxf4 20. Bg4 Qg5 21. f4 Qh4 22. Qf2 Qxf2+ 23. Rxf2 Re7 24. Rg2 Rae8 25. Rf1 Kh7 26. f5 Re1 27. Kf2 R1e4 28. Kg1 Na5 29. Bf3 R4e7 30. Bxd5 c6 31. Bb3 Nxb3 32. axb3 Re2 33. Rxe2 Rxe2 34. Rf2 Re3 35. Kg2 f6 36. b4 b5 37. Rd2 a6 38. h4 h5 39. Rf2 Kg8 40. Rd2 Kf8 41. Rc2 Re4 42. c4 Rxd4 43. cxb5 cxb5 44. Rc8+ Kf7 45. Rc7+ Kg8 46. Ra7 Rxb4 47. Rxa6 Rxb2+ 48. Kf3 Rb3+ 49. Kf4 Rb4+ 50. Kg3 Re4 51. Rb6 b4 52. Rb5 Rg4+ 53. Kh3 Rc4 54. Kg3 Re4 55. Rb8+ Kh7 56. Rb7 Rg4+ 57. Kh3 Rc4 0-1